[Event "Challenge"]
[Site "http://www.queenalice.com/game.php?id=264232"]
[Date "2007.8.31"]
[Round "-"]
[White "TMG"]
[Black "piazzi"]
[Result "1-0"]
[WhiteElo "1797"]
[BlackElo "1567"]

1. e4 e5 2. Nf3 Nc6 3. Bc4 Bc5 4. d3 h6 5. Be3 Bb6 6. Nc3 d6 7. Qd2 Nf6 8. O-O-O
Bg4 9. h3 Bh5 10. g4 Bg6 11. Rdg1 Ne7 12. Nh4 c6 13. Nf5 Bxf5 14. gxf5 Qd7 15.
Rxg7 Bxe3 16. fxe3 d5 17. exd5 Nfxd5 18. e4 b5 19. Bb3 Nc7 20. f6 Ng6 21. Bxf7+
Kf8 22. Bxg6 Ne6 23. Rxd7 1-0

[Event "Challenge"]
[Site "http://www.queenalice.com/game.php?id=264375"]
[Date "2007.8.31"]
[Round "-"]
[White "TMG"]
[Black "piazzi"]
[Result "1-0"]
[WhiteElo "1786"]
[BlackElo "1580"]

1. e4 e5 2. Nf3 Nc6 3. Bc4 Bc5 4. c3 Nf6 5. d3 d6 6. Nbd2 Be6 7. Bxe6 fxe6 8.
Ng5 Qe7 9. O-O h6 10. Ngf3 O-O-O 11. b4 Bb6 12. a4 a5 13. b5 Na7 14. Nc4 Bc5 15.
Nxa5 d5 16. Nxe5 dxe4 17. Ng6 Qd6 18. Nxh8 Rxh8 19. d4 Bb6 20. Nc4 Qd5 21. Ne3
Qc6 22. bxc6 1-0

[Event "Challenge"]
[Site "http://www.queenalice.com/game.php?id=268550"]
[Date "2007.9.8"]
[Round "-"]
[White "lesangesleader"]
[Black "piazzi"]
[Result "1-0"]
[WhiteElo "1721"]
[BlackElo "1557"]

1. Nf3 d5 2. d4 Bf5 3. Nc3 Nc6 4. a3 e6 5. Bg5 Be7 6. Bxe7 Qxe7 7. e3 Nf6 8. Be2
h6 9. O-O Ne4 10. Na2 g5 11. h3 f6 12. c4 Qd7 13. cxd5 exd5 14. Nd2 Na5 15. Bh5+
Ke7 16. b4 Nc4 17. Nxc4 dxc4 18. Be2 b5 19. f3 Ng3 20. Re1 Rae8 21. e4 Bg6 22.
Nc3 c6 23. Kf2 Nh5 24. d5 Nf4 25. a4 1-0

[Event "Challenge"]
[Site "http://www.queenalice.com/game.php?id=279063"]
[Date "2007.9.29"]
[Round "-"]
[White "piazzi"]
[Black "backnine"]
[Result "1-0"]
[WhiteElo "1543"]
[BlackElo "1684"]

1. e4 e5 2. Nf3 d6 3. Bc4 Nf6 4. Nc3 c6 5. d4 b5 6. Bb3 Bb7 7. Be3 g6 8. Ng5 d5
9. dxe5 Nh5 10. Qf3 Qe7 11. O-O-O Bg7 12. exd5 O-O 13. d6 Qd7 14. e6 fxe6 15.
Bxe6+ Qxe6 16. Qxf8+ Kxf8 17. Nxe6+ Ke8 18. Nc7+ Kd7 19. Bg5 Bxc3 20. bxc3 Na6
21. Nxa8 Bxa8 22. Rhe1 c5 23. Re7+ Kc6 24. d7 1-0

[Event "AUTO-OPEN-967"]
[Site "http://www.queenalice.com/game.php?id=335456"]
[Date "2008.1.12"]
[Round "1"]
[White "polakinho"]
[Black "piazzi"]
[Result "0-1"]
[WhiteElo "1276"]
[BlackElo "1560"]

1. e4 e5 2. c4 Nf6 3. Nh3 Nc6 4. c5 Bxc5 5. Qb3 h6 6. d3 d6 7. g4 Nxg4 8. Rg1
Nd4 9. Qc3 Qf6 10. f3 Nxf3+ 11. Kd1 Nxg1 12. Nxg1 Qxf1+ 13. Kc2 Qxg1 14. a4
Qxh2+ 15. Nd2 Be6 16. b3 Ne3+ 17. Kb2 Nd1+ 0-1

[Event "AUTO-OPEN-967"]
[Site "http://www.queenalice.com/game.php?id=335457"]
[Date "2008.1.12"]
[Round "1"]
[White "piazzi"]
[Black "polakinho"]
[Result "1-0"]
[WhiteElo "1565"]
[BlackElo "1271"]

1. e4 e5 2. Nf3 Nf6 3. Bc4 Ng4 4. h3 Nf6 5. d3 d5 6. exd5 Bb4+ 7. c3 Bd6 8. Bg5
e4 9. dxe4 c5 10. e5 Bf8 11. exf6 gxf6 12. Qe2+ Be7 13. Bxf6 Rg8 14. g4 Kf8 15.
Bxe7+ Qxe7 16. Qxe7+ Kxe7 17. Na3 1-0

[Event "AUTO-OPEN-781"]
[Site "http://www.queenalice.com/game.php?id=394385"]
[Date "2008.4.27"]
[Round "2"]
[White "CHUVARJ"]
[Black "piazzi"]
[Result "0-1"]
[WhiteElo "1280"]
[BlackElo "1641"]

1. g4 e5 2. d3 Nc6 3. Nf3 d5 4. Bh3 Nf6 5. Nxe5 Nxe5 6. f4 Nexg4 7. e4 dxe4 8.
dxe4 Qxd1+ 9. Kxd1 Nf2+ 10. Ke2 Nxh1 11. Ke3 Bxh3 12. Nc3 Bc5+ 13. Kf3 O-O-O 14.
Be3 Bg4+ 15. Kg2 Bxe3 16. Kxh1 Bf3# 0-1

[Event "AUTO-OPEN-781"]
[Site "http://www.queenalice.com/game.php?id=394386"]
[Date "2008.4.27"]
[Round "2"]
[White "piazzi"]
[Black "CHUVARJ"]
[Result "1-0"]
[WhiteElo "1641"]
[BlackElo "1276"]

1. e4 e5 2. Nf3 f6 3. Bc4 Nc6 4. Nc3 b6 5. d3 Bb4 6. a3 Bc5 7. Be3 a5 8. Bxc5
bxc5 9. Bd5 Nge7 10. Bc4 Nd4 11. Nb5 Nxf3+ 12. Qxf3 d5 13. exd5 Ba6 14. d6 cxd6
15. Nxd6+ Qxd6 16. Qxa8+ Kd7 17. Qxh8 Bxc4 18. dxc4 g5 19. Rd1 Nd5 20. Rxd5 e4
21. Qxh7+ Kc6 22. Rxd6+ Kxd6 23. Qxe4 g4 24. O-O Kd7 25. Rd1+ Kc8 26. Qc6+ Kb8
27. Rd8+ Ka7 28. Ra8# 1-0

[Event "AUTO-OPEN-781"]
[Site "http://www.queenalice.com/game.php?id=394389"]
[Date "2008.4.27"]
[Round "2"]
[White "Spike"]
[Black "piazzi"]
[Result "1-0"]
[WhiteElo "2158"]
[BlackElo "1643"]

1. e4 e5 2. f4 Bc5 3. Nf3 d6 4. c3 Nf6 5. fxe5 dxe5 6. d4 exd4 7. cxd4 Bb4+ 8.
Bd2 Bxd2+ 9. Nbxd2 Bg4 10. e5 Nd5 11. Qb3 Nb6 12. Bb5+ c6 13. Bd3 Qd5 14. Qc2
N8d7 15. O-O f6 16. a4 a5 17. exf6 Nxf6 18. Rae1+ Be6 19. Bf5 Kf7 20. Bxe6+ 1-0

[Event "AUTO-OPEN-781"]
[Site "http://www.queenalice.com/game.php?id=394390"]
[Date "2008.4.27"]
[Round "2"]
[White "piazzi"]
[Black "Spike"]
[Result "0-1"]
[WhiteElo "1643"]
[BlackElo "2166"]

1. e4 e6 2. d4 d5 3. exd5 exd5 4. Nf3 Bd6 5. Nc3 Ne7 6. Bd3 Nbc6 7. Qe2 Bg4 8.
Nxd5 Nxd4 9. Qe4 Bxf3 10. gxf3 Ne6 11. Be3 Nxd5 12. O-O-O Nxe3 13. fxe3 c6 14.
Bc4 Qe7 15. f4 O-O-O 0-1

[Event "AUTO-OPEN-967"]
[Site "http://www.queenalice.com/game.php?id=406198"]
[Date "2008.5.21"]
[Round "2"]
[White "piazzi"]
[Black "AASFIGUEIREDO"]
[Result "0-1"]
[WhiteElo "1635"]
[BlackElo "1838"]

1. e4 e5 2. Nf3 Nc6 3. Bc4 Bc5 4. Nc3 Nf6 5. d3 d6 6. h3 h6 7. Qe2 Nd4 8. Nxd4
Bxd4 9. Be3 Bxe3 10. Qxe3 a6 11. a3 Qe7 12. O-O-O Be6 13. g4 Bxc4 14. dxc4 c5
0-1

[Event "AUTO-OPEN-967"]
[Site "http://www.queenalice.com/game.php?id=406199"]
[Date "2008.5.21"]
[Round "2"]
[White "AASFIGUEIREDO"]
[Black "piazzi"]
[Result "1-0"]
[WhiteElo "1850"]
[BlackElo "1643"]

1. e4 e5 2. Nf3 Nc6 3. Bb5 Nf6 4. O-O a6 5. Bxc6 bxc6 6. Nc3 Bc5 7. Nxe5 d6 8.
Nxc6 Qd7 9. Na5 O-O 10. d4 Bb6 11. Nb3 Re8 12. Re1 a5 13. a4 Bb7 14. d5 c6 15.
dxc6 1-0

[Event "Challenge"]
[Site "http://www.queenalice.com/game.php?id=409868"]
[Date "2008.5.29"]
[Round "-"]
[White "piazzi"]
[Black "pierjean"]
[Result "0-1"]
[WhiteElo "1627"]
[BlackElo "1456"]

1. e4 d5 2. exd5 Nf6 3. Nc3 Bf5 4. Nf3 c6 5. dxc6 Nxc6 6. Bb5 e6 7. a3 Bc5 8. h3
Rc8 9. d3 O-O 10. Be3 Bb6 11. Qe2 Re8 12. Ne5 Re7 13. Qf3 Nxe5 0-1